000 00269nam a2200109Ia 4500
005 20251222154405.0
008 251222s9999||||xx |||||||||||||| ||spa||
082 _a868.9/A38
100 _a"Aldecoa, Ignacio"
245 0 _aLa tierra de nadie y otros relatos
942 _cLIB
999 _c35434
_d35434